Loading...
| Science - Physics | 0 | 4 | 0 | 0 | 40 | 94 | 115.75 | 1 | 2 | 0.00 | 0.00 |
| History - European | 0 | 3 | 0 | 0 | 30 | 54 | 82.67 | 1 | 2 | 0.00 | 0.00 |
| Religion | 0 | 3 | 0 | 1 | 30 | 117 | 128.67 | 1 | 1 | 0.00 | 0.00 |
| Literature - British | 0 | 3 | 0 | 0 | 30 | 100 | 124.67 | 0 | 0 | 0.00 | 0.00 |
| History - World | 0 | 3 | 0 | 2 | 30 | 109 | 128.33 | 0 | 0 | 0.00 | 0.00 |
| Current Events | 0 | 2 | 0 | 0 | 20 | 65 | 99.00 | 0 | 0 | 0.00 | 0.00 |
| History - Other | 0 | 2 | 0 | 1 | 20 | 119 | 122.00 | 0 | 0 | 0.00 | 0.00 |
| Science - Chemistry | 0 | 2 | 0 | 1 | 20 | 116 | 118.00 | 0 | 0 | 0.00 | 0.00 |
| History - American | 0 | 2 | 1 | 0 | 15 | 84 | 93.00 | 0 | 1 | 0.00 | 0.00 |
| Fine Arts - Painting and Sculpture | 0 | 1 | 0 | 0 | 10 | 136 | 136.00 | 0 | 0 | 0.00 | 0.00 |
| Mythology | 0 | 1 | 0 | 0 | 10 | 91 | 91.00 | 0 | 1 | 0.00 | 0.00 |
| Fine Arts - Classical Music | 0 | 1 | 0 | 0 | 10 | 114 | 114.00 | 0 | 0 | 0.00 | 0.00 |
| Fine Arts - Other | 0 | 1 | 0 | 0 | 10 | 116 | 116.00 | 0 | 0 | 0.00 | 0.00 |
| Science - Biology | 0 | 1 | 0 | 0 | 10 | 85 | 85.00 | 0 | 1 | 0.00 | 0.00 |
| Geography | 0 | 1 | 0 | 1 | 10 | 126 | 126.00 | 0 | 0 | 0.00 | 0.00 |
| Literature - World | 0 | 1 | 1 | 0 | 5 | 144 | 144.00 | 0 | 0 | 0.00 | 0.00 |
| Social Science | 0 | 0 | 0 | 0 | 0 | 0.00 | 0 | 0 | 0.00 | 0.00 | |
| Philosophy | 0 | 0 | 1 | 0 | -5 | 0.00 | 0 | 0 | 0.00 | 0.00 | |
| Science - Other | 0 | 0 | 1 | 0 | -5 | 0.00 | 0 | 0 | 0.00 | 0.00 |